| 000 | 00385nam a2200169Ia 4500 | ||
|---|---|---|---|
| 001 | 23450 | ||
| 005 | 20260414150938.0 | ||
| 008 | 260414t1998||||xx |||||||||||||| ||spa|| | ||
| 041 | _aESP | ||
| 082 |
_a650.01513 _bG69 |
||
| 100 |
_aGonzález, Enrique _eAUT |
||
| 245 | 0 |
_aMatemática financiera _b |
|
| 260 | _c1998 | ||
| 650 | _aGEN | ||
| 654 | _aCCO | ||
| 942 |
_cLIB _dJUS _fJUS _2ddc _n |
||
| 999 |
_c23450 _d23450 |
||